| 000 | 00405nam a2200181Ia 4500 | ||
|---|---|---|---|
| 008 | 210210b1717 xxu||||| |||| 00| 0 eng d | ||
| 041 | _aeng | ||
| 082 | _a425/213 | ||
| 100 | _aNURNBERG (M) | ||
| 245 | _aWhats the good word | ||
| 260 |
_aLondon _bArnold publishers _c1717 |
||
| 650 | _aword | ||
| 650 | _aWhats | ||
| 650 | _athe | ||
| 650 | _agood | ||
| 690 | _aEnglish Grammar | ||
| 906 | _a005989 | ||
| 999 |
_c129048 _d129048 |
||